| 000 | 00414nam a2200169Ia 4500 | ||
|---|---|---|---|
| 100 | _aDavies/John/ Studer/Rudi | ||
| 650 | _aSemantic web | ||
| 942 | _cBK | ||
| 366 | _f25 | ||
| 654 | _asemantic web | ||
| 245 | _aSemantic web technologies:Trends and research in ontology-based systems | ||
| 260 |
_bWiley India _c2006 |
||
| 082 |
_a4.65 _bDAV |
||
| 300 | _a312 | ||
| 546 |
_aENGLISH _cComputers |
||
| 999 |
_c19455 _d19455 |
||